[Event "CAN-ch U08"]
[Site "Quebec"]
[Date "2008.07.17"]
[Round "7"]
[White "Liu, Tony"]
[Black "Kassam, Jamil"]
[Result "0-1"]
[WhiteElo "673"]
[BlackElo "1210"]
[PlyCount "44"]
[EventDate "2008.07.14"]
[EventType "swiss"]
[EventRounds "7"]
[EventCountry "CAN"]
[SourceTitle "EXT 2011"]
[Source "ChessBase"]
[SourceDate "2010.11.26"]
[SourceVersion "1"]
[SourceVersionDate "2010.11.26"]
[SourceQuality "1"]

1. e4 e5 2. Nf3 Nc6 3. Bc4 Bc5 4. 0-0 Nf6 5. d4 exd4 6. e5 d5 7. exd6 Qxd6 8. Ng5 0-0 9. Re1 Ng4 10. Nf3 Nf6 11. Bg5 Bg4 12. h3 Bh5 13. Nbd2 Rfe8 14. Bxf6 Qxf6 15. Ne4 Qf5 16. g4 Bxg4 17. hxg4 Qxg4+ 18. Ng3 d3 19. cxd3 Qxg3+ 20. Kh1 Rxe1+ 21. Nxe1 Bxf2 22. Nc2 Qh3# 0-1

[Event "CAN-ch U08"]
[Site "Quebec"]
[Date "2008.07.14"]
[Round "1"]
[White "Seguin, Derek"]
[Black "Liu, Tony"]
[Result "0-1"]
[WhiteElo "1027"]
[BlackElo "673"]
[PlyCount "36"]
[EventDate "2008.07.14"]
[EventType "swiss"]
[EventRounds "7"]
[EventCountry "CAN"]
[SourceTitle "EXT 2011"]
[Source "ChessBase"]
[SourceDate "2010.11.26"]
[SourceVersion "1"]
[SourceVersionDate "2010.11.26"]
[SourceQuality "1"]

1. e4 e5 2. Nf3 Nc6 3. Bc4 Bc5 4. d3 Nf6 5. Be3 Bxe3 6. fxe3 0-0 7. Nc3 d6 8. d4 exd4 9. exd4 Bg4 10. Be2 d5 11. Nxd5 Nxd5 12. exd5 Qxd5 13. c4 Qe6 14. d5 Qe3 15. dxc6 bxc6 16. Qc1 Qe4 17. Rf1 Rfe8 18. h3 Qxe2# 0-1